|
|
|
|
| LEADER |
01643nam a2200445 a 4500 |
| 001 |
EBC822431 |
| 003 |
MiAaPQ |
| 005 |
20200520144314.0 |
| 006 |
m o d | |
| 007 |
cr cn||||||||| |
| 008 |
100603s2010 si a sb 001 0 eng d |
| 010 |
|
|
|z 2010279612
|
| 020 |
|
|
|z 9780470825198 (hbk.)
|
| 020 |
|
|
|z 0470825197 (hbk.)
|
| 020 |
|
|
|a 9781118178911 (electronic bk.)
|
| 035 |
|
|
|a (MiAaPQ)EBC822431
|
| 035 |
|
|
|a (Au-PeEL)EBL822431
|
| 035 |
|
|
|a (CaPaEBR)ebr10518707
|
| 035 |
|
|
|a (CaONFJC)MIL340148
|
| 035 |
|
|
|a (OCoLC)768732284
|
| 040 |
|
|
|a MiAaPQ
|c MiAaPQ
|d MiAaPQ
|
| 043 |
|
|
|a ma-----
|
| 050 |
|
4 |
|a HG187.3
|b .S73 2010
|
| 082 |
0 |
4 |
|a 332.091767
|2 22
|
| 245 |
0 |
4 |
|a The stability of Islamic finance
|h [electronic resource] :
|b creating a resilient financial environment for a secure future /
|c Hossein Askari ... [et al.].
|
| 260 |
|
|
|a Singapore ;
|a Hoboken, N.J. :
|b Wiley,
|c c2010.
|
| 300 |
|
|
|a xvii, 230 p. :
|b ill.
|
| 490 |
1 |
|
|a [Wiley finance]
|
| 500 |
|
|
|a Series statement from jacket.
|
| 504 |
|
|
|a Includes bibliographical references and index.
|
| 533 |
|
|
|a Electronic reproduction. Ann Arbor, MI : ProQuest, 2015. Available via World Wide Web. Access may be limited to ProQuest affiliated libraries.
|
| 650 |
|
0 |
|a Finance
|z Arab countries.
|
| 650 |
|
0 |
|a Finance
|x Religious aspects
|x Islam.
|
| 650 |
|
0 |
|a Economic stabilization.
|
| 650 |
|
0 |
|a Financial crises
|x History.
|
| 655 |
|
4 |
|a Electronic books.
|
| 700 |
1 |
|
|a Askari, Hossein.
|
| 710 |
2 |
|
|a ProQuest (Firm)
|
| 830 |
|
0 |
|a Wiley finance series.
|
| 856 |
4 |
0 |
|u https://ebookcentral.proquest.com/lib/matrademy/detail.action?docID=822431
|z Click to View
|